Illustrated Japanese characters 13 :
This book consists of the following four section: Japanese characters, Kanji and Jukugo, Everyday Kanji, and Kanji culture.
Enregistré dans:
| Format: | Livre |
|---|---|
| Langue: | Undetermined |
| Publié: |
Japan
Japan Travel Bureau
1997
|
| Sujets: | |
| Tags: |
Ajouter un tag
Pas de tags, Soyez le premier à ajouter un tag!
|
| Thư viện lưu trữ: | Trung tâm Học liệu Trường Đại học Cần Thơ |
|---|
| LEADER | 00682nam a2200193Ia 4500 | ||
|---|---|---|---|
| 001 | CTU_111204 | ||
| 008 | 210402s9999 xx 000 0 und d | ||
| 082 | |a 495.6 | ||
| 082 | |b I.29 | ||
| 245 | 0 | |a Illustrated Japanese characters 13 : | |
| 260 | |a Japan | ||
| 260 | |b Japan Travel Bureau | ||
| 260 | |c 1997 | ||
| 520 | |a This book consists of the following four section: Japanese characters, Kanji and Jukugo, Everyday Kanji, and Kanji culture. | ||
| 650 | |a Chinese characters,Chinese language,Japanese language | ||
| 650 | |x Japan,Etymology,Textbooks for foreign speakers | ||
| 650 | |z English | ||
| 904 | |i Hiếu | ||
| 980 | |a Trung tâm Học liệu Trường Đại học Cần Thơ | ||